|
|
|
|
| LEADER |
00836nam a2200205 a 4500 |
| 001 |
GR-MES5212 |
| 008 |
991111s1999 gr 000 b eng d |
| 040 |
|
|
|a GrPaTEI
|b gre
|c GR-PaULI
|
| 245 |
0 |
0 |
|a Greek university libraries in the European context :
|b a comparative evaluation.
|
| 260 |
|
|
|a Ioannina :
|b [χ.ο],
|c 1999
|
| 300 |
|
|
|a 332σ.
|
| 650 |
|
4 |
|a ΒΙΒΛΙΟΘΗΚΕΣ
|
| 650 |
|
4 |
|a Ελλάδα
|
| 650 |
|
4 |
|a ΕΥΡΩΠΑΙΚΗ ΚΟΙΝΟΤΗΤΑ
|
| 650 |
|
4 |
|a ΠΑΝΕΠΙΣΤΗΜΙΑΚΕΣ ΒΙΒΛΙΟΘΗΚΕΣ
|
| 700 |
1 |
|
|a Ζάχος, Γεώργιος,
|d 1956-
|
| 942 |
|
|
|2 ddc
|
| 971 |
|
|
|a .b25836791
|b 15-04-20
|c 14-09-16
|
| 999 |
|
|
|c 159841
|d 159841
|
| 952 |
|
|
|0 0
|1 0
|2 ddc
|4 0
|6 027_000000000000000_ZAC
|7 0
|9 275781
|a MSLG
|b MSLG
|c BSC
|d 2021-01-17
|e 24
|f 0
|g 0.00
|l 0
|o 027 ZAC
|p 2420000015411
|r 2021-01-17
|t 1
|w 2021-01-17
|y BK15
|x 19991111 0 1
|x GrPaTEI
|